Italian brainrots back to normal Part 2 - Statistics

General Stats
  • This quiz has been taken 11 times
  • The average score is 3 of 11
Answer Stats
Picture Answer % Correct
Bur baloni luliloli
50%
La vaca saturno saturnita
50%
Orcalero Orcala
50%
Brri brri bicus dicus bombicus
33%
Trulimero Trulichina
33%
Bananita Dolfenita
17%
Ecco Cavallo Virtuso
17%
Rhino Tosterino
17%
Balerino lololo
0%
Espressona singora
0%
Los tralaletos
0%
No matching quizzes found
Score Distribution
Percent of People with Each Score
Percentile by Number Answered
Your Score History
You have not taken this quiz